Virtudes públicas

Saved in:
Bibliografiske detaljer
Hovedforfatter: Camps, Victoria (Author)
Format: Bog
Sprog:spansk
Udgivet: Madrid Espasa Calpe 1996
Udgivelse:3a. ed
Serier:Colección Austral, 310
Fag:
Tags: Tilføj Tag
Ingen Tags, Vær først til at tagge denne postø!

MARC

LEADER 00000cam a2200000 a 4500
001 UCD3019
003 CL-VaPUC
008 160520e19960200sp |||||||||||||||||spa|d
020 |a 8423973107 
082 0 4 |a 179.9  |b CAM  |2 21 
100 0 |a Camps, Victoria  |e author  |9 586415 
245 1 0 |a Virtudes públicas 
250 |a 3a. ed 
300 |a 204 p 
942 |c BK 
945 |d 20160520 11:34:00  |a arojas 
260 |a Madrid  |b Espasa Calpe  |c 1996 
650 0 |a Virtudes  |9 309526 
650 0 |a Ética  |9 255099 
650 0 |a Bien y mal   |9 311093 
583 |a last modification  |c 20160520 11:34:00  |k Rodrigo Vera 
490 0 |a Colección Austral, 310 
999 |c 364128  |d 364126 
952 |0 0  |1 0  |3 erb  |4 0  |6 179_900000000000000_CAM_1996  |7 0  |8 A  |9 477055  |a BIBTEO  |b BIBTEO  |e Villagrán Garnham, Jorge  |i 5301874  |o 179.9 CAM 1996  |p 5301874  |r 2025-01-17  |w 2019-11-24  |y BK  |z Catalogado en:20160520  |k ICR